| 000 | 00364cam a2200145ua 4500 | ||
|---|---|---|---|
| 041 |
_aeng _h |
||
| 082 |
_a828.09 _bHEA/CH |
||
| 100 | _aHeath-Stubbs, John . | ||
| 245 |
_aCharles Williams / _cJohn Heath-Stubbs. _hTextual Documents |
||
| 260 |
_aLondon : _bLongaman Green and Co , _c1955. |
||
| 300 | _a44 ; . | ||
| 504 | _a | ||
| 942 | _cBK | ||
| 999 |
_c2411 _d2411 |
||